| 000 | 00720cam a22002413a 4500 | ||
|---|---|---|---|
| 001 | 30238 | ||
| 003 | PGUSA | ||
| 005 | 20140828083643.0 | ||
| 008 | 091012s2009||||xxu|||||s|||||000 | eng d | ||
| 040 |
_aPGUSA _beng |
||
| 042 | _adc | ||
| 050 | 4 | _aHD | |
| 100 | 1 |
_aHelps, Arthur, _cSir, _d1813-1875 |
|
| 245 | 1 | 4 |
_aThe Claims of Labour : _ban essay on the duties of the employers to the employed _h[electronic resource] / _cArthur, Helps |
| 260 |
_bProject Gutenberg, _c2009 |
||
| 506 | _aPublic domain in the USA. | ||
| 516 | _aElectronic text | ||
| 653 | _aWorking class | ||
| 653 | _aIndustrial relations | ||
| 830 | 0 |
_aProject Gutenberg _v30238 |
|
| 856 | 4 | 0 | _uhttp://www.gutenberg.org/ebooks/30238 |
| 942 | _cEB | ||
| 999 |
_c259493 _d259493 |
||